000 00719nam a22001337a 4500
040 _cRUA
082 _aVEM PHO 2024 B1.330
100 _aPHORN SOPHEAK, ផន សុភ័ក្រ្ត
245 _aCase of Escherichia Coli Antibiotic resistance in chicken at khvav Commune, Samraong District, takeo province, ករណី Escherichia Coli ស៊ាំនឹងឳសថអង់ទីប៊ីយ៉ូទិកលើមាន់ នៅឃុំខ្វាវ ស្រុកសំរោង ខេត្តតាកែវ​​​
260 _aPHNOM PENH
_bRUA
_c2024
300 _aix,
_bill,
_c2024
856 _uhttps://drive.google.com/file/d/1lpQSga6cgbRnqARzmRPTVeISGyxgY4Sl/view?usp=sharing
942 _cVEM
999 _c24766
_d24766